LEADER 01885nas 2200565-a 450 001 996198449803316 005 20221118213019.0 011 $a1098-1063 035 $a(DE-599)ZDB1498049-6 035 $a(OCoLC)38849476 035 $a(CKB)954925593481 035 $a(CONSER)sn-98009193- 035 $a(EXLCZ)99954925593481 100 $a19980326a19919999 s-- a 101 0 $aeng 135 $aurcnu|||||||| 181 $ctxt$2rdacontent 182 $cc$2rdamedia 183 $acr$2rdacarrier 200 10$aHippocampus 210 $a[New York, N.Y.] $c[Churchill Livingstone] $cWiley-Liss, Inc.$d©1991- 215 $a1 online resource 300 $aRefereed/Peer-reviewed 300 $aPublished: [New York, N.Y. : Churchill Livingstone] : Wiley-Liss, Inc., 1991-; published: [New York, N.Y.] : Wiley-Liss, Inc., 1995-; published: [Hoboken, N.J.] : Wiley-Liss, Inc., <2005-> 300 $aTitle from table of contents screen (Wiley InterScience; viewed: 9/8/2006). 311 $a1050-9631 531 $aTHE HIPPOCAMPUS 531 0 $aHippocampus 606 $aHippocampus (Brain)$vPeriodicals 606 $aHippocampus (Brain)$xPeriodicals 606 $aHippocampus 606 $aHippocampe (Cerveau)$xPériodiques 606 $aHippocampe (Cerveau)$vPériodiques 606 $aHippocampus (Brain)$2fast$3(OCoLC)fst00957253 608 $aPeriodical 608 $aperiodicals.$2aat 608 $aPeriodicals.$2fast 608 $aPeriodicals.$2lcgft 608 $aPériodiques.$2rvmgf 615 0$aHippocampus (Brain) 615 0$aHippocampus (Brain)$xPeriodicals. 615 2$aHippocampus 615 6$aHippocampe (Cerveau)$xPériodiques. 615 6$aHippocampe (Cerveau) 615 7$aHippocampus (Brain) 676 $a616 906 $aJOURNAL 912 $a996198449803316 996 $aHippocampus$91411881 997 $aUNISA LEADER 02076oam 2200661I 450 001 9910786940603321 005 20230803030602.0 010 $a1-136-65817-3 010 $a0-203-58430-9 010 $a1-136-65810-6 024 7 $a10.4324/9780203584309 035 $a(CKB)2670000000390367 035 $a(EBL)1251045 035 $a(OCoLC)852758599 035 $a(SSID)ssj0001043966 035 $a(PQKBManifestationID)11589848 035 $a(PQKBTitleCode)TC0001043966 035 $a(PQKBWorkID)11076007 035 $a(PQKB)10712350 035 $a(OCoLC)856570422 035 $a(MiAaPQ)EBC1251045 035 $a(Au-PeEL)EBL1251045 035 $a(CaPaEBR)ebr10729830 035 $a(CaONFJC)MIL503899 035 $a(OCoLC)802325582 035 $a(FINmELB)ELB141358 035 $a(EXLCZ)992670000000390367 100 $a20180706d2013 uy 0 101 0 $aeng 135 $aur|n|---||||| 181 $ctxt 182 $cc 183 $acr 200 00$aHuman security in Turkey $echallenges for the 21st century /$fedited by Alpaslan Ozerdem and Fusun Ozerdem 210 1$aAbingdon, Oxon :$cRoutledge,$d2013. 215 $a1 online resource (252 p.) 225 0 $aSecurity and conflict management ;$v10 300 $aDescription based upon print version of record. 311 $a0-415-81073-6 320 $aIncludes bibliographical references and index. 327 $apt. 1. Democratization and social cohesion -- pt. 2. Turkey as an agent of peace and security. 410 0$aRoutledge Studies in Security and Conflict Management 606 $aHuman security$zTurkey 606 $aHuman rights$zTurkey 606 $aCivil society$zTurkey 615 0$aHuman security 615 0$aHuman rights 615 0$aCivil society 676 $a355/.0330561 701 $aOzerdem$b Alpaslan$0880989 701 $aOzerdem$b Fusun$01491447 801 0$bMiAaPQ 801 1$bMiAaPQ 801 2$bMiAaPQ 906 $aBOOK 912 $a9910786940603321 996 $aHuman security in Turkey$93713266 997 $aUNINA